书目信息 |
| 题名: |
作文教学法
|
|
| 作者: | 李保初 , 周靖 著 | |
| 分册: | ||
| 出版信息: | 北京 测绘出版社 1982 |
|
| 页数: | 209页 | |
| 开本: | 19cm | |
| 丛书名: | ||
| 单 册: | ||
| 中图分类: | H193.6 | |
| 科图分类: | ||
| 主题词: | 汉语-写作-语言教学 , 写作-汉语-语言教学 , 语言教学-写作-汉语 | |
| 电子资源: | ||
| ISBN: | 7039.新270 | |
| 000 | 00718nam0 2200265 450 | |
| 001 | 0182001510 | |
| 005 | 20100712220156.0 | |
| 010 | @a7039.新270@dCNY0.60 | |
| 091 | @a7039.新270@d¥0.60 | |
| 100 | @a19950428d1982 em y0chiy0110 ea | |
| 101 | 0 | @achi |
| 102 | @aCN@b110000 | |
| 105 | @ay z 000yy | |
| 106 | @ar | |
| 200 | 1 | @a作文教学法@9Zuo Wen Jiao Xue Fa @f李保初, 周靖著 |
| 210 | @a北京@c测绘出版社@d1982 | |
| 215 | @a209页@d19cm | |
| 606 | 0 | @a汉语-写作-语言教学 |
| 606 | 0 | @a写作-汉语-语言教学 |
| 606 | 0 | @a语言教学-写作-汉语 |
| 690 | @aH193.6@v3 | |
| 701 | 0 | @a李保初@9li bao chu@4著 |
| 701 | 0 | @a周靖@9zhou jing@4著 |
| 801 | 0 | @aCN@bAzMarc@c20130904 |
| 905 | @aBZT@dH193.6@e10@f4@sH193.6/10 | |
| 作文教学法/李保初, 周靖著.-北京:测绘出版社,1982 |
| 209页;19cm |
| ISBN 7039.新270:CNY0.60 |
| ● |
| 相关链接 |
|
|
|
正题名:作文教学法
索取号:H193.6/10
 
预约/预借
| 序号 | 登录号 | 条形码 | 馆藏地/架位号 | 状态 | 备注 |
| 1 | 2000107077 | 2000107077 | 旧书回溯/ [索取号:H193.6/10] | 在馆 | |
| 2 | 2000107078 | 2000107078 | 旧书回溯/ [索取号:H193.6/10] | 在馆 | |
| 3 | 2000107079 | 2000107079 | 旧书回溯/ [索取号:H193.6/10] | 在馆 | |
| 4 | 2000107080 | 2000107080 | 旧书回溯/ [索取号:H193.6/10] | 在馆 |